00557pab a2200169 454500008004000000100003500040245006500075260000900140300001000149362001000159650005300169700002000222773001800242909000900260999001500269952010300284180718b1990 xxu||||| |||| 00| 0 eng d aScott, Graham, Bushnell, Petor aReform of the core public sectorbThe New Zealand experience c1990 a11-24 aSept. aGovernment Enterprise - Legislation - NewZealand aSallee, Nikitin aPublic Sector a9547 c9547d9547 00104070aIIPAbIIPAd2018-07-19hVolume no: 13, Issue no: 3pAR9562r2018-07-19w2018-07-19yAR